[Event "Accession C 2015-2016"]
[Site "Aubagne"]
[Date "2016.03.05"]
[Round "7"]
[White "Cescon, Moreno"]
[Black "Mamah, Isabelle"]
[Result "1-0"]
[WhiteElo "1748"]
[BlackElo "1841"]
[PlyCount "115"]
[EventDate "2016.??.??"]

1. e4 c5 2. Nc3 g6 3. f4 Bg7 4. Nf3 e6 5. Bc4 Ne7 6. O-O O-O 7. a3 d5 8. exd5
exd5 9. Ba2 b6 10. d4 c4 11. Ne2 Nbc6 12. c3 Bf5 13. Ng3 Bg4 14. h3 Bxf3 15.
Qxf3 Qd7 16. Bb1 f5 17. h4 Rae8 18. h5 Kf7 19. Bc2 b5 20. Bd2 Ng8 21. hxg6+
hxg6 22. Rfe1 Nf6 23. Rxe8 Rxe8 24. Re1 Ne4 25. Nxe4 fxe4 26. Qf2 Ne7 27. b3
Bf6 28. bxc4 bxc4 29. Rf1 Rh8 30. Bd1 Nf5 31. g4 Bh4 32. Qg2 Ng3 33. Rf2 e3 34.
Bxe3 Ne4 35. Rf3 Nxc3 36. Bc2 Bf6 37. g5 Bg7 38. f5 Ne4 39. fxg6+ Kxg6 40. Rf4
Re8 41. Bxe4+ dxe4 42. Rxe4 Rxe4 43. Qxe4+ Kf7 44. g6+ Kf8 45. d5 Qc7 46. Bf4
Qb6+ 47. Kf1 Qf6 48. d6 Qa1+ 49. Ke2 Qb2+ 50. Kf3 Qb3+ 51. Kg4 Qd1+ 52. Kf5 Qd3
53. Qxd3 cxd3 54. Ke4 d2 55. Bxd2 Ke8 56. Kd5 Kd7 57. a4 Bf8 58. Bf4 1-0

[Event "Accession C 2015-2016"]
[Site "Aubagne"]
[Date "2016.03.05"]
[Round "7"]
[White "Battaglia, Gerard"]
[Black "Muhajiz, Gibran"]
[Result "1/2-1/2"]
[WhiteElo "1764"]
[BlackElo "1736"]
[PlyCount "70"]
[EventDate "2016.??.??"]

1. d4 Nf6 2. Bg5 Ne4 3. Bf4 c5 4. e3 Qb6 5. Nc3 Nxc3 6. bxc3 Nc6 7. d5 e5 8.
Bg3 Ne7 9. Bxe5 d6 10. Bg3 Qb2 11. Ne2 Nxd5 12. Qc1 Qxc1+ 13. Rxc1 Be6 14. a4
Be7 15. e4 Nf6 16. f3 O-O 17. Nf4 Rfd8 18. Be2 Bd7 19. Ra1 Bc6 20. Kf2 h5 21.
h4 g6 22. Rhd1 a6 23. c4 Bf8 24. c3 Bg7 25. Rd3 Nd7 26. Nd5 Ne5 27. Bxe5 Bxe5
28. g3 Bxd5 29. exd5 Re8 30. Rb1 Re7 31. f4 Bf6 32. Rb6 Rae8 33. Bf3 Rd7 34.
Rb2 Rde7 35. Rb6 Rd7 1/2-1/2

[Event "Accession C 2015-2016"]
[Site "Aubagne"]
[Date "2016.03.05"]
[Round "7"]
[White "Tchifteyan, Philippe"]
[Black "Gamblin, Thibault"]
[Result "1/2-1/2"]
[WhiteElo "1665"]
[BlackElo "1690"]
[PlyCount "109"]
[EventDate "2016.??.??"]

1. e4 c6 2. d4 d5 3. e5 Bf5 4. g4 Bg6 5. h4 h6 6. h5 Bh7 7. f4 e6 8. Bd3 Bxd3
9. Qxd3 c5 10. c3 Qc7 11. Ne2 Nd7 12. Bd2 Ne7 13. f5 c4 14. Qc2 O-O-O 15. Nf4
exf5 16. gxf5 Nb6 17. Na3 Qd7 18. e6 fxe6 19. Nxe6 Nxf5 20. Nxd8 Bxa3 21. O-O-O
Bd6 22. Nxb7 Kxb7 23. Rde1 Ng3 24. Rhg1 Nxh5 25. Qg6 Nf4 26. Qxg7 Nd3+ 27. Kb1
Qxg7 28. Rxg7+ Kb8 29. Re6 Bf4 30. Bxf4+ Nxf4 31. Ree7 Nc8 32. Ref7 Nd3 33. b3
Re8 34. Rg1 Re2 35. bxc4 dxc4 36. Rfg7 Rb2+ 37. Ka1 Rc2 38. Rb1+ Nb6 39. Rh7
Rxc3 40. Rxh6 Rc1 41. Rh1 Rxb1+ 42. Kxb1 Nb4 43. Kb2 N4d5 44. Rh3 Kb7 45. Kc2
Kc6 46. Ra3 a6 47. Ra5 Nc7 48. Kc3 Nb5+ 49. Kd2 Nxd4 50. Rxa6 Nb5 51. a4 Nc7
52. Ra7 Nc8 53. Ra5 Nb6 54. Kc3 Ncd5+ 55. Kd4 1/2-1/2

[Event "Accession C 2015-2016"]
[Site "Aubagne"]
[Date "2016.03.05"]
[Round "7"]
[White "Israel, Daniel"]
[Black "Salvi, Michel"]
[Result "1-0"]
[WhiteElo "1789"]
[BlackElo "1657"]
[PlyCount "71"]
[EventDate "2016.??.??"]

1. d4 Nf6 2. c4 d5 3. cxd5 Qxd5 4. Nc3 Qa5 5. Nf3 c6 6. Bd2 Qh5 7. e4 Bg4 8.
Be2 e6 9. a3 Be7 10. O-O Nbd7 11. b4 Qg6 12. Nh4 Bxe2 13. Qxe2 Qh5 14. Qxh5
Nxh5 15. Nf3 a6 16. e5 g6 17. Bh6 Bf8 18. Bxf8 Kxf8 19. Ne4 f6 20. Nd6 Rb8 21.
Rfe1 Ke7 22. Rad1 fxe5 23. dxe5 Nf4 24. Ng5 Nd5 25. Nc4 h6 26. Ne4 Rhf8 27. f3
Rf5 28. Ned6 Rf4 29. Na5 Nxe5 30. Ndxb7 Kf6 31. Rxe5 Rxb7 32. Rexd5 cxd5 33.
Nxb7 Rc4 34. Re1 d4 35. Nc5 Rc3 36. Ne4+ 1-0

[Event "Accession C 2015-2016"]
[Site "Aubagne"]
[Date "2016.03.05"]
[Round "7"]
[White "Massardo, Quentin"]
[Black "San Marco, Jean"]
[Result "1/2-1/2"]
[WhiteElo "1805"]
[BlackElo "1862"]
[PlyCount "137"]
[EventDate "2016.??.??"]

1. e4 c5 2. Nf3 Nc6 3. Bb5 d6 4. Bxc6+ bxc6 5. O-O Nf6 6. e5 Nd5 7. Re1 Bg4 8.
exd6 e6 9. d7+ Qxd7 10. h3 Bxf3 11. Qxf3 Bd6 12. d3 O-O 13. Na3 Rae8 14. b3 e5
15. Nc4 Bc7 16. Ba3 Nb4 17. Re2 Qd5 18. Qe3 Qd4 19. Qxd4 exd4 20. Rae1 Rxe2 21.
Rxe2 f6 22. Bxb4 cxb4 23. Re6 Rc8 24. Kf1 Bb6 25. Nxb6 axb6 26. Rd6 c5 27. Rxb6
Kf7 28. Ke2 Re8+ 29. Kd2 Re5 30. Ra6 Rf5 31. Ke2 Re5+ 32. Kf1 g5 33. a4 bxa3
34. Rxa3 h5 35. Ra7+ Kg6 36. Rb7 Kf5 37. b4 cxb4 38. Rxb4 Rd5 39. Ke2 Ke5 40.
Rc4 Ra5 41. g3 Kd5 42. Rc8 Ra2 43. Kf3 Ke5 44. h4 g4+ 45. Ke2 f5 46. f4+ gxf3+
47. Kxf3 Ra1 48. Rc5+ Ke6 49. Rc8 Rf1+ 50. Ke2 Rg1 51. Kf2 Rc1 52. Re8+ Kd5 53.
Re2 Kc5 54. Re5+ Kb4 55. Rxf5 Rxc2+ 56. Kf3 Kc3 57. Rxh5 Kxd3 58. Rd5 Rc1 59.
h5 Rf1+ 60. Kg4 Ke4 61. Rd8 d3 62. h6 Rh1 63. Re8+ Kd4 64. Rd8+ Ke3 65. Kg5 d2
66. g4 d1=Q 67. Rxd1 Rxd1 68. h7 Rh1 69. Kg6 1/2-1/2

[Event "Accession C 2015-2016"]
[Site "Aubagne"]
[Date "2016.03.19"]
[Round "8"]
[White "Mamah, Isabelle"]
[Black "San Marco, Jean"]
[Result "1-0"]
[WhiteElo "1841"]
[BlackElo "1862"]
[PlyCount "95"]
[EventDate "2016.??.??"]

1. e4 c5 2. c3 d6 3. d4 Nf6 4. dxc5 Nc6 5. e5 Nxe5 6. cxd6 exd6 7. Nf3 Be7 8.
Be2 O-O 9. O-O Nxf3+ 10. Bxf3 d5 11. Be3 Be6 12. Nd2 Bd6 13. Nb3 Ne4 14. Nd4
Qh4 15. g3 Qf6 16. Bxe4 dxe4 17. Nxe6 Qxe6 18. Qb3 Qe7 19. Rfe1 Kh8 20. Rad1 f5
21. Qd5 Rad8 22. Qb3 b6 23. Qc2 Be5 24. Qc1 Qc7 25. Bf4 Bxf4 26. Qxf4 Qxf4 27.
gxf4 Kg8 28. Kf1 Kf7 29. Ke2 Rfe8 30. Rxd8 Rxd8 31. Rd1 Rxd1 32. Kxd1 Kg6 33.
Ke2 Kh5 34. Ke3 Kg4 35. c4 g5 36. fxg5 Kxg5 37. f3 exf3 38. Kxf3 h6 39. a3 Kf6
40. Kf4 Ke6 41. h4 a5 42. b4 a4 43. h5 Kf6 44. c5 bxc5 45. bxc5 Ke6 46. c6 Kd6
47. Kxf5 Kxc6 48. Kg6 1-0

[Event "Accession C 2015-2016"]
[Site "Aubagne"]
[Date "2016.03.19"]
[Round "8"]
[White "Salvi, Michel"]
[Black "Massardo, Quentin"]
[Result "1-0"]
[WhiteElo "1657"]
[BlackElo "1805"]
[PlyCount "51"]
[EventDate "2016.??.??"]

1. e4 Nf6 2. e5 Nd5 3. Nc3 Nxc3 4. bxc3 c5 5. f4 d5 6. Nf3 Nc6 7. d4 Bg4 8. Rb1
Qc7 9. dxc5 e6 10. Be3 Qa5 11. Rxb7 Bxf3 12. gxf3 Qxc3+ 13. Qd2 Qa1+ 14. Kf2
Rc8 15. f5 Qxe5 16. fxe6 fxe6 17. Bb5 Be7 18. Bf4 Qf6 19. Bxc6+ Rxc6 20. Rb8+
Kf7 21. Rxh8 g5 22. Rxh7+ Kg8 23. Rxe7 Qxe7 24. Bd6 Qf6 25. Rg1 Kh7 26. Rxg5
1-0

[Event "Accession C 2015-2016"]
[Site "Aubagne"]
[Date "2016.03.19"]
[Round "8"]
[White "Gamblin, Thibault"]
[Black "Israel, Daniel"]
[Result "1-0"]
[WhiteElo "1690"]
[BlackElo "1789"]
[PlyCount "55"]
[EventDate "2016.??.??"]

1. Nf3 Nf6 2. d4 g6 3. c4 Bg7 4. Nc3 d6 5. e4 O-O 6. h3 e5 7. dxe5 dxe5 8. Qxd8
Rxd8 9. Nd5 Nxd5 10. cxd5 c6 11. Bc4 Rd6 12. Bd2 b5 13. Bb4 Rf6 14. Bb3 a5 15.
Be7 Rf4 16. Nd2 a4 17. Bc2 cxd5 18. g3 Rf6 19. Bxf6 Bxf6 20. exd5 Bb7 21. Be4
Na6 22. d6 Nc5 23. Bxb7 Nxb7 24. Ne4 Bg7 25. Rc1 f5 26. Rc7 Rb8 27. d7 fxe4 28.
Rc8+ 1-0

[Event "Accession C 2015-2016"]
[Site "Aubagne"]
[Date "2016.03.19"]
[Round "8"]
[White "Cescon, Moreno"]
[Black "Battaglia, Gerard"]
[Result "1-0"]
[WhiteElo "1748"]
[BlackElo "1764"]
[PlyCount "87"]
[EventDate "2016.??.??"]

1. e4 e6 2. d3 d5 3. Nd2 Nf6 4. Ngf3 Bc5 5. Nb3 Bb6 6. e5 Nfd7 7. a4 c5 8. a5
Bc7 9. Bg5 f6 10. exf6 gxf6 11. Bh6 Nc6 12. Nh4 Qe7 13. Be2 Rg8 14. Bh5+ Kd8
15. f4 Nf8 16. O-O Bd7 17. c4 d4 18. Re1 e5 19. f5 Bd6 20. Bf3 Be8 21. Bd5 Bf7
22. a6 Bxd5 23. cxd5 Nb4 24. axb7 Qxb7 25. Na5 Qxd5 26. Qa4 Nd7 27. Nc4 Bc7 28.
Qd1 Nb6 29. b3 Nc8 30. Re4 Ne7 31. Qf3 a5 32. Bd2 Nec6 33. Ra4 Ke7 34. g3 Qf7
35. Ng2 Nd5 36. Rh4 Kd7 37. Rxh7 Qxh7 38. Qxd5+ Kc8 39. Qxc6 Rb8 40. Bxa5 Qd7
41. Qa6+ Rb7 42. Bxc7 Kxc7 43. Qxf6 Re8 44. Ra6 1-0

[Event "Accession C 2015-2016"]
[Site "Aubagne"]
[Date "2016.04.23"]
[Round "9"]
[White "Battaglia, Gerard"]
[Black "Mamah, Isabelle"]
[Result "1/2-1/2"]
[WhiteElo "1754"]
[BlackElo "1863"]
[PlyCount "109"]
[EventDate "2016.??.??"]

1. d4 Nf6 2. c4 g6 3. Nc3 d5 4. Bg5 c6 5. e3 Bg7 6. Qb3 dxc4 7. Bxc4 O-O 8. Nf3
Nbd7 9. O-O b5 10. Be2 a6 11. Rfd1 e6 12. Ne5 Qc7 13. Nxc6 Bb7 14. Nb4 Nb6 15.
a4 bxa4 16. Nxa4 Nbd5 17. Bxf6 Bxf6 18. Rdc1 Qd6 19. Nd3 Rfb8 20. Nac5 Bc8 21.
Qa3 Be7 22. Bf3 Qd8 23. b4 Ra7 24. Rab1 Nc7 25. Ne5 Nb5 26. Qa5 Qxa5 27. bxa5
Bxc5 28. dxc5 Bd7 29. Bc6 Be8 30. Bxe8 Rxe8 31. Nc6 Rc7 32. Nd4 Rb8 33. Kf1 Kf8
34. Ke2 Ke8 35. Rb4 e5 36. Nb3 Ke7 37. f4 f6 38. fxe5 fxe5 39. Rd1 Rd8 40. Rxd8
Kxd8 41. Re4 Re7 42. c6 Kc7 43. Nc5 Kxc6 44. Nxa6 Nd6 45. Rb4 Rb7 46. Kd2 Rb5
47. Ra4 Rb2+ 48. Kc3 Rxg2 49. Nb8+ Kb5 50. Rh4 h5 51. a6 Kb6 52. Nd7+ Kxa6 53.
Nxe5 Kb7 54. Kd3 Kc7 55. Nf3 1/2-1/2

[Event "Accession C 2015-2016"]
[Site "Aubagne"]
[Date "2016.04.23"]
[Round "9"]
[White "Tchitteyan, Philippe"]
[Black "Cescon, Moreno"]
[Result "0-1"]
[WhiteElo "1650"]
[BlackElo "1791"]
[PlyCount "50"]
[EventDate "2016.??.??"]

1. e4 e5 2. Nf3 d6 3. d4 exd4 4. Nxd4 Nf6 5. Nc3 Be7 6. Bd3 O-O 7. Bd2 a6 8.
Qe2 c5 9. Nf5 Bxf5 10. exf5 d5 11. Qf3 Nc6 12. Ne2 c4 13. O-O-O cxd3 14. Qxd3
Ne4 15. Be3 Nb4 16. Qb3 Re8 17. c3 Qa5 18. Kb1 Nc6 19. Rxd5 Qc7 20. Bf4 Bd6 21.
f3 Nxc3+ 22. bxc3 Bxf4 23. Nxf4 Qxf4 24. h4 Ne7 25. Rd7 Qxf5+ 0-1

[Event "Accession C 2015-2016"]
[Site "Aubagne"]
[Date "2016.04.23"]
[Round "9"]
[White "Massardo, Quentin"]
[Black "Gamblin, Thibault"]
[Result "0-1"]
[WhiteElo "1780"]
[BlackElo "1696"]
[PlyCount "105"]
[EventDate "2016.??.??"]

1. e4 e5 2. Nf3 Nc6 3. Bb5 a6 4. Ba4 Nf6 5. d3 d6 6. c3 Be7 7. Nbd2 O-O 8. Nf1
b5 9. Bc2 Re8 10. Ng3 g6 11. O-O Bg4 12. h3 Bxf3 13. Qxf3 Nb8 14. d4 Nbd7 15.
Bh6 Bf8 16. Bg5 Bg7 17. Rfe1 Rb8 18. b4 h6 19. Be3 Qc8 20. Bb3 c5 21. dxc5 dxc5
22. Rad1 c4 23. Bc2 Qc7 24. Rd2 Re6 25. Red1 Rc6 26. a4 Re8 27. a5 Ree6 28. Nf1
Rcd6 29. Qe2 Kh7 30. Nh2 Ne8 31. g4 Rxd2 32. Rxd2 Rd6 33. Rd5 Nef6 34. Rd2 Ne8
35. f3 Rxd2 36. Qxd2 Qd6 37. Nf1 Qxd2 38. Bxd2 Nc7 39. Be3 Ne6 40. Ba7 Nf4 41.
h4 Ne2+ 42. Kf2 Nxc3 43. Bc5 Nxc5 44. bxc5 Bf6 45. Ne3 Bxh4+ 46. Kf1 Be7 47. c6
Bd8 48. Nd5 Nxd5 49. exd5 Bc7 50. Ke2 Kg7 51. Kd1 Kf6 52. Kc1 Ke7 53. Be4 0-1